Industrial pollution in Japan / (Record no. 14442)

000 -LEADER
fixed length control field 00419cam a2200157 a 4500
020 ## - INTERNATIONAL STANDARD BOOK NUMBER
ISBN 9280805487
040 ## - CATALOGING SOURCE
Transcribing agency DLC
082 00 - DEWEY DECIMAL CLASSIFICATION NUMBER
Classification number 363 UNI 1992 A068 Or.
245 00 - TITLE STATEMENT
Title Industrial pollution in Japan /
260 ## - PUBLICATION, DISTRIBUTION, ETC. (IMPRINT)
Place of publication Tokyo, Japan :
Name of publisher United Nations University Press,
Year of publication c1992.
300 ## - PHYSICAL DESCRIPTION
Number of Pages ix, 188 p. :
Other physical details ill. ;
Dimensions 24 cm.
650 #0 - SUBJECT ADDED ENTRY--TOPICAL TERM
Topical Term Industries
650 #0 - SUBJECT ADDED ENTRY--TOPICAL TERM
Topical Term Environmental degradation
700 1# - ADDED ENTRY--PERSONAL NAME
Personal name Ui, Jun,
942 ## - ADDED ENTRY ELEMENTS (KOHA)
Koha item type សៀវភៅភាសាអង់គ្លេស
952 ## - LOCATION AND ITEM INFORMATION (KOHA)
Withdrawn status [LOCAL, KOHA] 0
Holdings
Permanent Location Date acquired Koha item type Lost status Shelving location Barcode Current Location Full call number
Library Block A2017-10-17សៀវភៅភាសាអង់គ្លេស A068A15318Library Block A363 UNI 1992 A068 Or.
មជ្ឈមណ្ឌលឯការនៃសាកលវិទ្យាល័យភូមិន្ទកសិកម្មចំការដូង

Powered by Koha